Advanced safety management focusing on Z10 and serious injury prevention / (Record no. 598193)
[ view plain ]
| 000 -LEADER | |
|---|---|
| fixed length control field | 00322nam a2200109Ia 4500 |
| 008 - FIXED-LENGTH DATA ELEMENTS--GENERAL INFORMATION | |
| fixed length control field | 230907s9999||||xx |||||||||||||| ||und|| |
| 082 ## - DEWEY DECIMAL CLASSIFICATION NUMBER | |
| Classification number | 363.11 |
| Author Mark | MAN |
| 100 ## - MAIN ENTRY--PERSONAL NAME | |
| Personal name | Manuele, Fred A., |
| 9 (RLIN) | 115345 |
| 245 #0 - TITLE STATEMENT | |
| Title | Advanced safety management focusing on Z10 and serious injury prevention / |
| 300 ## - PHYSICAL DESCRIPTION | |
| Extent | xv, 528 pages : |
| 942 ## - ADDED ENTRY ELEMENTS (KOHA) | |
| Koha item type | Book |
| Withdrawn status | Lost status | Damaged status | Not for loan | Permanent Location | Current Location | Date acquired | Total Checkouts | Full call number | Barcode | Date last seen | Price effective from | Koha item type |
|---|---|---|---|---|---|---|---|---|---|---|---|---|
| US-Pakistan Center for Advanced Studies in Energy (USPCAS-E) | US-Pakistan Center for Advanced Studies in Energy (USPCAS-E) | 07/12/2018 | 363.11 MAN | CAS-E0002292 | 09/12/2023 | 09/12/2023 | Book |
